Referencia rápida de Outlook 97 / Stephen L. Nelson ; traducción [de] Mercedes Gómez Albarrán
ISBN:
84-481-1095-1
Descripción Física:
204 p. : il. ; 21 cm
Otros Autores:
Gómez Albarrán, Mercedes
Materias:
Outlook 97 (Programa d'ordinador)
MARC
| LEADER | 00000nam a2200000Ia 4500 | ||
|---|---|---|---|
| 001 | 13174 | ||
| 008 | 160829s9999 xx 000 0 cat d | ||
| 020 | |a 84-481-1095-1 | ||
| 080 | |a C-2-209 | ||
| 100 | |a Nelson, Stephen L. |9 30414 | ||
| 245 | |a Referencia rápida de Outlook 97 / Stephen L. Nelson ; traducción [de] Mercedes Gómez Albarrán | ||
| 260 | |a Madrid, etc. : |b McGraw - Hill, cop. 1997 | ||
| 300 | |a 204 p. : |b il. ; |c 21 cm | ||
| 650 | |a Outlook 97 (Programa d'ordinador) |9 30415 | ||
| 700 | 1 | |a Gómez Albarrán, Mercedes |9 30416 | |
| 901 | |a Arxiu | ||
| 942 | |n 1 | ||
| 952 | |0 0 |1 0 |4 0 |6 C2209 |7 1 |9 45412 |a Arxiu |b Arxiu |d 2016-12-01 |l 0 |o C-2-209 |p 13174 |r 2016-12-01 00:00:00 |w 2016-12-01 |y ARXIU | ||
| 999 | |c 48519 |d 48519 | ||